| 000 | 004810000a22001570004500 | ||
|---|---|---|---|
| 003 | MACL | ||
| 005 | 20180307133354.0 | ||
| 008 | 180307b xxu||||| |||| 00| 0 eng d | ||
| 040 | _cmacl | ||
| 100 |
_aनिर्मला जैन _941263 |
||
| 245 | _aहिन्दी आलोचना की बीसवी सदी | ||
| 260 |
_bराधा कृष्ण _c1992 |
||
| 350 | _a70 | ||
| 650 |
_aसाहित्य _971044 |
||
| 942 |
_cHIN _k800/JAI/L _2ddc |
||
| 999 |
_c21199 _d21199 |
||